|
|
|
|
| LEADER |
00000cam a2200000 7i4500 |
| 001 |
0000064074 |
| 005 |
20160621.0 |
| 008 |
160621 |
| 020 |
|
|
|a 9789833952960
|
| 020 |
|
|
|a 9789833952991 (set)
|
| 090 |
0 |
0 |
|a JF
|b MAL
|
| 100 |
1 |
|
|a Rafidah Joseph Upi
|
| 245 |
1 |
0 |
|a Hari kebangsaan (Buku besar)
|c Rafidah Joseph Upi
|
| 250 |
|
|
|a Jilid 4
|
| 260 |
|
|
|a Pahang :
|b Dian Enterprise ,
|c 2010
|
| 300 |
|
|
|a 16 pg :
|b Col., Ill ;
|c 49.8cm.
|
| 490 |
1 |
|
|a Siri riang ria membaca
|
| 500 |
|
|
|a Children ages 7-9 years old (orange)
|
| 650 |
|
0 |
|a Malay languange
|x Readers
|x Juvenile fiction
|
| 999 |
|
|
|a 0001167627
|b Book
|c Children Collection
|e Cawangan Tmn. Ungku Tun Aminah
|
| 999 |
|
|
|a 0001167628
|b Book
|c Children Collection
|e Cawangan Taman Sri Lambak
|
| 999 |
|
|
|a 0001167629
|b Book
|c Children Collection
|e Cawangan Pontian
|
| 999 |
|
|
|a 0001167632
|b Book
|c Children Collection
|e Cawangan Segamat
|
| 999 |
|
|
|a 0001167633
|b Book
|c Children Collection
|e Cawangan Tangkak
|
| 999 |
|
|
|a 0001167636
|b Book
|c Children Collection
|e Cawangan Bukit Gambir
|
| 999 |
|
|
|a 0001167637
|b Book
|c Children Collection
|e Cawangan Bandar Penawar
|